PvZ GW2 Character Upgrades - Statistics

General Stats
  • This quiz has been taken 22 times
  • The average score is 9 of 21
Answer Stats
Answer % Correct
ammo upgrade
80%
damage upgrade
80%
health upgrade
80%
speed upgrade
75%
health regeneration upgrade
70%
reload upgrade
70%
fire upgrade
65%
health regeneration delay upgrade
60%
zoom upgrade
60%
ice upgrade
55%
toxic upgrade
55%
homing upgrade
35%
digestion upgrade
30%
overheat upgrade
30%
sonar upgrade
15%
overheat penalty upgrade
10%
penetrate upgrade
10%
super meter upgrade
5%
vampiric upgrade
5%
damage radius upgrade
0%
explosion life upgrade
0%
No matching quizzes found
Score Distribution
Percent of People with Each Score
Percentile by Number Answered
Your Score History
You have not taken this quiz